| 000 | 00343 a2200109 4500 | ||
|---|---|---|---|
| 001 | ART_41778 | ||
| 005 | 20260410161814.0 | ||
| 008 | 260409a | ||
| 245 | 1 | 0 | _aTeoría de la jsuticia, ciencia jurídica y crítica del derecho |
| 100 | 1 | _aD'Auria, Aníbal | |
| 773 | 0 |
_tAcademia _g- Año 13, Nº 26 (jul./dic. 2015) _wREV4314 |
|
| 999 |
_c21697 _d21697 |
||